[Event "Gibraltar ChallWk2 9th"]
[Site "Gibraltar"]
[Date "2011.02.02"]
[Round "5.3"]
[White "Jameson, David"]
[Black "Henriksson, Johan"]
[Result "1/2-1/2"]
[WhiteElo "2054"]
[BlackElo "2243"]
[PlyCount "172"]
[EventDate "2011.01.29"]
[EventType "swiss"]
[EventRounds "5"]
[EventCountry "GGB"]
[SourceTitle "BritBase"]
[Source "www.saund.co.uk"]
[SourceDate "2018.02.10"]
[SourceVersion "1"]
[SourceVersionDate "2018.02.10"]
[SourceQuality "1"]

1. e4 c6 2. d4 d5 3. Nc3 dxe4 4. Nxe4 Nf6 5. Bd3 Nxe4 6. Bxe4 Nd7 7. Nf3 Nf6 8.
Bd3 Bg4 9. c3 e6 10. h3 Bh5 11. O-O Bd6 12. Re1 Bc7 13. Be2 Qd5 14. Ne5 Bxe5
15. Bxh5 Bh2+ 16. Kxh2 Qxh5 17. Qxh5 Nxh5 18. Bg5 h6 19. Bh4 Nf4 20. Rad1 O-O
21. g4 Ng6 22. Bg3 Rfd8 23. Kg2 Rd5 24. Rc1 Rad8 25. Rc2 h5 26. Re4 R8d7 27.
Rce2 a6 28. Be5 hxg4 29. hxg4 Rd8 30. Kf1 Kf8 31. f3 Nxe5 32. Rxe5 Ke7 33. Kf2
Kf6 34. Kg3 Rh8 35. Rxd5 cxd5 36. Kg2 b5 37. a3 a5 38. Re1 Rc8 39. Re2 Rc4 40.
Rd2 Ke7 41. Kg3 b4 42. axb4 axb4 43. cxb4 Rxb4 44. g5 Rb3 45. Kg4 Kd6 46. Kf4
Kc6 47. Rc2+ Kb7 48. Ke5 Rxf3 49. g6 fxg6 50. Kxe6 g5 51. Kxd5 g4 52. Kd6 g3
53. Rc7+ Kb8 54. Rxg7 Rb3 55. Rg8+ Kb7 56. d5 Rd3 57. Rg4 Kc8 58. Rg7 Rb3 59.
Rg8+ Kb7 60. Kd7 Re3 61. d6 Rd3 62. Rg7 Kb6 63. Rg5 Re3 64. Rg4 Rf3 65. Rg7 Rd3
66. Rg6 Kc5 67. Rg5+ Kb6 68. b4 Rf3 69. Rg7 Rd3 70. Rg5 Rf3 71. Rg6 Kb7 72. Kd8
Rd3 73. d7 Re3 74. Rg7 Rd3 75. b5 Re3 76. Rg5 Rf3 77. Rg8 Re3 78. Rg7 Kb8 79.
Re7 g2 80. Ke8 Rxe7+ 81. Kxe7 g1=Q 82. d8=Q+ Kb7 83. Qd5+ Kb8 84. Qd6+ Kb7 85.
Qc6+ Kb8 86. Qd5 Qg7+ 1/2-1/2

[Event "Gibraltar ChallWk2 9th"]
[Site "Gibraltar"]
[Date "2011.02.02"]
[Round "5.4"]
[White "Osuna Vega, Enrique"]
[Black "Spence, David J"]
[Result "0-1"]
[WhiteElo "2140"]
[BlackElo "2231"]
[PlyCount "84"]
[EventDate "2011.01.29"]
[EventType "swiss"]
[EventRounds "5"]
[EventCountry "GGB"]
[SourceTitle "BritBase"]
[Source "www.saund.co.uk"]
[SourceDate "2018.02.10"]
[SourceVersion "1"]
[SourceVersionDate "2018.02.10"]
[SourceQuality "1"]

1. e4 e6 2. d4 d5 3. Nd2 Nf6 4. e5 Nfd7 5. Bd3 c5 6. c3 Nc6 7. Ne2 cxd4 8. cxd4
f6 9. exf6 Nxf6 10. Nf3 Bd6 11. O-O Qc7 12. Bg5 O-O 13. Ng3 Bd7 14. Re1 Rae8
15. Qc2 h6 16. Bd2 Qb6 17. Bc3 Nb4 18. Qd2 Nxd3 19. Qxd3 Bb5 20. Qg6 Re7 21.
Ne5 Be8 22. Qd3 Bxe5 23. dxe5 Nd7 24. Bd4 Qa5 25. b4 Qa4 26. Qb3 Qa6 27. a4
Rff7 28. a5 Nf8 29. Ne2 Bb5 30. Nc3 Rf4 31. Rad1 Ref7 32. Rd2 Bc4 33. Qa4 Qc6
34. b5 Qc8 35. Be3 R4f5 36. Bxa7 Ng6 37. Bd4 Nf4 38. Ra1 Qd8 39. a6 Qg5 40. g3
Nh3+ 41. Kg2 Qxd2 42. Rd1 Rxf2+ 0-1

[Event "Gibraltar ChallWk2 9th"]
[Site "Gibraltar"]
[Date "2011.02.02"]
[Round "5.5"]
[White "Tari, Aryan"]
[Black "Jaunooby, Ali R"]
[Result "1-0"]
[WhiteElo "2097"]
[BlackElo "2207"]
[PlyCount "85"]
[EventDate "2011.01.29"]
[EventType "swiss"]
[EventRounds "5"]
[EventCountry "GGB"]
[SourceTitle "BritBase"]
[Source "www.saund.co.uk"]
[SourceDate "2018.02.10"]
[SourceVersion "1"]
[SourceVersionDate "2018.02.10"]
[SourceQuality "1"]

1. e4 d5 2. exd5 Nf6 3. d4 Nxd5 4. c4 Nb6 5. Nc3 Bf5 6. Nf3 e6 7. Be3 Be7 8.
Be2 O-O 9. O-O Nc6 10. Qd2 Bf6 11. Rfd1 Qe7 12. h3 h6 13. a3 Na5 14. Nd5 exd5
15. Qxa5 c6 16. c5 Nd7 17. Qd2 Rfe8 18. Re1 Be4 19. Qc3 Nf8 20. Nd2 Bf5 21. Nf1
Ne6 22. Ng3 Bh7 23. Bd3 Bxd3 24. Qxd3 g6 25. Bxh6 b6 26. b4 a5 27. Be3 axb4 28.
axb4 Rxa1 29. Rxa1 bxc5 30. bxc5 Nxc5 31. Qc2 Rc8 32. Ra5 Nb7 33. Ra6 Qc7 34.
Ne2 Nd6 35. Nf4 Qb7 36. Qa2 Ne4 37. Nd3 Nc3 38. Qa1 Ne2+ 39. Kh1 Nxd4 40. Ra4
Ne2 41. Qxf6 Qb3 42. Nb2 Rb8 43. Rh4 1-0

[Event "Gibraltar ChallWk2 9th"]
[Site "Gibraltar"]
[Date "2011.02.02"]
[Round "5.6"]
[White "Kandic, Milan"]
[Black "Heaton, Paul"]
[Result "1-0"]
[WhiteElo "2143"]
[BlackElo "2027"]
[PlyCount "75"]
[EventDate "2011.01.29"]
[EventType "swiss"]
[EventRounds "5"]
[EventCountry "GGB"]
[SourceTitle "BritBase"]
[Source "www.saund.co.uk"]
[SourceDate "2018.02.10"]
[SourceVersion "1"]
[SourceVersionDate "2018.02.10"]
[SourceQuality "1"]

1. e4 c5 2. Nf3 d6 3. Nc3 Nf6 4. d4 cxd4 5. Nxd4 a6 6. Bc4 e6 7. Bb3 Be7 8. Be3
Nbd7 9. f3 Nc5 10. Qd2 Qc7 11. g4 b5 12. g5 Nfd7 13. O-O-O Bb7 14. Kb1 Nxb3 15.
axb3 Rc8 16. h4 Nb6 17. h5 d5 18. e5 Nd7 19. f4 Bb4 20. Ncxb5 Bxd2 21. Nxc7+
Rxc7 22. Rxd2 Nc5 23. Rg2 Kd7 24. Rgh2 Ne4 25. Rd1 Rhc8 26. f5 exf5 27. Nxf5
Ke6 28. Nxg7+ Kxe5 29. Rf1 Rd7 30. Bf4+ Kd4 31. Be3+ Ke5 32. c3 Kd6 33. Nf5+
Ke6 34. Nd4+ Ke7 35. g6 hxg6 36. hxg6 fxg6 37. Rh7+ Kd6 38. Bf4+ 1-0

[Event "Gibraltar ChallWk2 9th"]
[Site "Gibraltar"]
[Date "2011.02.02"]
[Round "5.7"]
[White "Hamer, Martyn"]
[Black "Zygouris, Hristos"]
[Result "0-1"]
[WhiteElo "2041"]
[BlackElo "2215"]
[PlyCount "56"]
[EventDate "2011.01.29"]
[EventType "swiss"]
[EventRounds "5"]
[EventCountry "GGB"]
[SourceTitle "BritBase"]
[Source "www.saund.co.uk"]
[SourceDate "2018.02.10"]
[SourceVersion "1"]
[SourceVersionDate "2018.02.10"]
[SourceQuality "1"]

1. e4 e6 2. d4 d5 3. e5 c5 4. c3 Nc6 5. Nf3 Bd7 6. a3 f6 7. exf6 Nxf6 8. Bd3
Bd6 9. O-O O-O 10. Bg5 Qe8 11. Nbd2 cxd4 12. cxd4 Qh5 13. Re1 Ng4 14. Bh4 Nxh2
15. Bg3 Bxg3 16. fxg3 Ng4 17. Nf1 Nxd4 18. Bxh7+ Kxh7 19. Qxd4 e5 20. Qxd5 Bc6
21. Qb3 Rf6 22. N1h2 Nxh2 23. Nxh2 Raf8 24. g4 Rf2 25. Nf3 Rxg2+ 26. Kxg2 Qxg4+
27. Kh2 Rxf3 28. Qc2+ g6 0-1

[Event "Gibraltar ChallWk2 9th"]
[Site "Gibraltar"]
[Date "2011.02.02"]
[Round "5.8"]
[White "Sommerhalder, Eric"]
[Black "Severijnen, Arjon"]
[Result "1/2-1/2"]
[WhiteElo "2000"]
[BlackElo "2152"]
[PlyCount "59"]
[EventDate "2011.01.29"]
[EventType "swiss"]
[EventRounds "5"]
[EventCountry "GGB"]
[SourceTitle "BritBase"]
[Source "www.saund.co.uk"]
[SourceDate "2018.02.10"]
[SourceVersion "1"]
[SourceVersionDate "2018.02.10"]
[SourceQuality "1"]

1. e4 c5 2. Nf3 Nc6 3. d4 cxd4 4. Nxd4 Nf6 5. Nc3 e6 6. Ndb5 Bb4 7. a3 Bxc3+ 8.
Nxc3 d5 9. exd5 exd5 10. Bd3 O-O 11. O-O d4 12. Ne4 Nxe4 13. Bxe4 Re8 14. f3
Qb6 15. Kh1 Be6 16. b3 Rad8 17. Bb2 Bd5 18. Bxd5 Rxd5 19. Qd2 Rde5 20. Rae1 Qc5
21. h3 h6 22. Rxe5 Qxe5 23. Rd1 Qe2 24. Qxe2 Rxe2 25. Bxd4 Rxc2 26. Bg1 Rc3 27.
b4 b5 28. Rd5 Rxa3 29. Rxb5 a5 30. bxa5 1/2-1/2

[Event "Gibraltar ChallWk2 9th"]
[Site "Gibraltar"]
[Date "2011.02.02"]
[Round "5.9"]
[White "Siegmund, Rainer"]
[Black "Rios Gonzalez, Jose Antonio"]
[Result "0-1"]
[WhiteElo "2133"]
[BlackElo "2025"]
[PlyCount "78"]
[EventDate "2011.01.29"]
[EventType "swiss"]
[EventRounds "5"]
[EventCountry "GGB"]
[SourceTitle "BritBase"]
[Source "www.saund.co.uk"]
[SourceDate "2018.02.10"]
[SourceVersion "1"]
[SourceVersionDate "2018.02.10"]
[SourceQuality "1"]

1. d4 d5 2. c4 c6 3. Nf3 Nf6 4. Nc3 e6 5. e3 Nbd7 6. Qc2 Be7 7. Bd3 dxc4 8.
Bxc4 b5 9. Be2 Bb7 10. O-O a6 11. Rd1 Rc8 12. a3 c5 13. dxc5 Bxc5 14. Ne5 Qc7
15. Nxd7 Nxd7 16. Bd2 Nf6 17. Rac1 Bd6 18. h3 O-O 19. Qb1 Qb6 20. Bd3 Bb8 21.
Ne4 Nd5 22. b4 f5 23. Nc5 Rc7 24. e4 fxe4 25. Bxe4 Rcf7 26. Be1 Qd6 27. g3 Ba8
28. Qd3 h5 29. h4 Ba7 30. Qe2 Qe7 31. Rd3 g5 32. Bxd5 Bxd5 33. hxg5 Qxg5 34.
Bd2 Qg6 35. Rd4 Rxf2 36. Qxf2 Rxf2 37. Kxf2 e5 38. Rh4 Qf5+ 39. Kg1 Qf3 0-1

[Event "Gibraltar ChallWk2 9th"]
[Site "Gibraltar"]
[Date "2011.02.02"]
[Round "5.11"]
[White "Mueller, Hans-Dieter"]
[Black "Wright, Jonathan"]
[Result "1-0"]
[WhiteElo "2097"]
[BlackElo "1895"]
[PlyCount "73"]
[EventDate "2011.01.29"]
[EventType "swiss"]
[EventRounds "5"]
[EventCountry "GGB"]
[SourceTitle "BritBase"]
[Source "www.saund.co.uk"]
[SourceDate "2018.02.10"]
[SourceVersion "1"]
[SourceVersionDate "2018.02.10"]
[SourceQuality "1"]

1. e4 d5 2. e5 c5 3. b4 Nc6 4. bxc5 Nxe5 5. d4 Nc6 6. Nf3 g6 7. Bf4 Qa5+ 8. c3
Nf6 9. Bd3 Bg7 10. O-O O-O 11. Qb3 Qd8 12. Re1 Nh5 13. Bg5 f6 14. Bh4 Nf4 15.
Bc2 Qd7 16. Nbd2 e5 17. Bg3 Kh8 18. Bxf4 exf4 19. Re2 Rb8 20. Rae1 b6 21. Qa3
b5 22. Re6 Qxe6 23. Rxe6 Bxe6 24. Qa6 Bd7 25. Bb3 b4 26. c4 dxc4 27. Nxc4 Rbe8
28. Nd6 Nxd4 29. Nxe8 Nxf3+ 30. gxf3 Rxe8 31. Kg2 g5 32. Qxa7 Bc6 33. Qc7 Ba8
34. Ba4 Rf8 35. Bc6 Bxc6 36. Qxc6 f5 37. Qb7 1-0

[Event "Gibraltar ChallWk2 9th"]
[Site "Gibraltar"]
[Date "2011.02.02"]
[Round "5.12"]
[White "Montabord, Manuel"]
[Black "Isherwood, Paul"]
[Result "0-1"]
[WhiteElo "2063"]
[BlackElo "2014"]
[PlyCount "52"]
[EventDate "2011.01.29"]
[EventType "swiss"]
[EventRounds "5"]
[EventCountry "GGB"]
[SourceTitle "BritBase"]
[Source "www.saund.co.uk"]
[SourceDate "2018.02.10"]
[SourceVersion "1"]
[SourceVersionDate "2018.02.10"]
[SourceQuality "1"]

1. e4 d6 2. d4 Nf6 3. Nc3 e5 4. Nge2 c6 5. g3 Nbd7 6. Bg2 b5 7. O-O Be7 8. h3
O-O 9. Be3 a6 10. Qe1 Bb7 11. f4 Re8 12. Qf2 b4 13. Nb1 exd4 14. Nxd4 c5 15.
Nf5 Bxe4 16. Bxe4 Nxe4 17. Qg2 Bf6 18. Nd2 d5 19. Rad1 Qc7 20. Nxe4 Rxe4 21.
Rxd5 Rae8 22. Rfd1 Rxe3 23. Rxd7 Re1+ 24. Rxe1 Rxe1+ 25. Kf2 Qxd7 26. Qa8+ Re8
0-1

[Event "Gibraltar ChallWk2 9th"]
[Site "Gibraltar"]
[Date "2011.02.02"]
[Round "5.15"]
[White "Suez-Panama, Gilles"]
[Black "Dennis, Nigel W"]
[Result "0-1"]
[WhiteElo "2096"]
[BlackElo "1935"]
[PlyCount "118"]
[EventDate "2011.01.29"]
[EventType "swiss"]
[EventRounds "5"]
[EventCountry "GGB"]
[SourceTitle "BritBase"]
[Source "www.saund.co.uk"]
[SourceDate "2018.02.10"]
[SourceVersion "1"]
[SourceVersionDate "2018.02.10"]
[SourceQuality "1"]

1. d4 Nf6 2. Nf3 g6 3. c4 Bg7 4. Nc3 O-O 5. g3 d6 6. Bg2 c6 7. O-O Nbd7 8. h3
e5 9. Be3 e4 10. Nd2 d5 11. b4 Re8 12. a4 Nf8 13. cxd5 Nxd5 14. Nxd5 cxd5 15.
Nb3 b6 16. Qd2 Be6 17. Rfc1 Qd7 18. Kh2 Rec8 19. b5 Rc4 20. Rxc4 dxc4 21. Bxe4
Rc8 22. Bc6 Rxc6 23. bxc6 Qxc6 24. Qc3 Bd5 25. Nd2 Ne6 26. f3 Nc5 27. Qb4 a5
28. Qa3 Qe8 29. Nf1 Nb3 30. Rd1 c3 31. Qa2 Nd2 32. Qxd5 c2 33. Re1 Nxf1+ 34.
Rxf1 Qxe3 35. Qc4 Qd2 36. d5 Bc3 37. d6 Kf8 38. Rc1 Qxc1 39. Qc8+ Kg7 40. Qxc3+
Kh6 41. d7 Qd1 42. d8=Q Qxe2+ 43. Kg1 Qd1+ 44. Kf2 Qxd8 45. Qxc2 Qd4+ 46. Ke2
Kg7 47. Qc6 h5 48. h4 Qe5+ 49. Kd3 Qxg3 50. Qe4 Qd6+ 51. Kc3 Qa3+ 52. Kc2 Qc5+
53. Kd3 Kf6 54. Kd2 Qb4+ 55. Ke3 Qxe4+ 56. Kxe4 g5 57. hxg5+ Kxg5 58. f4+ Kg4
59. f5 h4 0-1

[Event "Gibraltar ChallWk2 9th"]
[Site "Gibraltar"]
[Date "2011.02.02"]
[Round "5.16"]
[White "Goodfellow, Russell"]
[Black "Navarrete Espi, Samuel"]
[Result "0-1"]
[WhiteElo "1720"]
[BlackElo "2095"]
[PlyCount "48"]
[EventDate "2011.01.29"]
[EventType "swiss"]
[EventRounds "5"]
[EventCountry "GGB"]
[SourceTitle "BritBase"]
[Source "www.saund.co.uk"]
[SourceDate "2018.02.10"]
[SourceVersion "1"]
[SourceVersionDate "2018.02.10"]
[SourceQuality "1"]

1. e4 e5 2. Nf3 Nc6 3. d4 exd4 4. Nxd4 Nf6 5. Nxc6 bxc6 6. Nd2 d5 7. Bd3 Bd6 8.
O-O O-O 9. f3 Nh5 10. g3 Bh3 11. Re1 Bc5+ 12. Kh1 Bf2 13. Re2 Bxg3 14. hxg3
Nxg3+ 15. Kg1 Qg5 16. Kh2 Nxe2 17. Qxe2 Qh4 18. Kg1 Qg3+ 19. Kh1 Rfe8 20. Qh2
Qe1+ 21. Qg1 Qh4 22. Qh2 Re6 23. Nb3 Qe1+ 24. Qg1 Bg2+ 0-1

[Event "Gibraltar ChallWk2 9th"]
[Site "Gibraltar"]
[Date "2011.02.02"]
[Round "5.17"]
[White "Schouten, Freek"]
[Black "Hauge, Lars Oskar"]
[Result "1/2-1/2"]
[WhiteElo "2089"]
[BlackElo "1942"]
[PlyCount "132"]
[EventDate "2011.01.29"]
[EventType "swiss"]
[EventRounds "5"]
[EventCountry "GGB"]
[SourceTitle "BritBase"]
[Source "www.saund.co.uk"]
[SourceDate "2018.02.10"]
[SourceVersion "1"]
[SourceVersionDate "2018.02.10"]
[SourceQuality "1"]

1. d4 Nf6 2. c4 c5 3. Nf3 g6 4. Nc3 cxd4 5. Nxd4 Bg7 6. e4 d6 7. Be2 O-O 8. O-O
Nc6 9. Be3 Bd7 10. Qd2 Nxd4 11. Bxd4 Bc6 12. f3 a5 13. Kh1 Nd7 14. Bxg7 Kxg7
15. Qd4+ Kg8 16. Rac1 Qb6 17. Qxb6 Nxb6 18. Kg1 Rfd8 19. Rfd1 Kf8 20. Rd2 e6
21. Rcd1 Ke7 22. h4 h5 23. Kf2 Rac8 24. b3 Na8 25. Nb1 Nc7 26. Na3 e5 27. Nc2
Na6 28. g3 f6 29. Bf1 Rb8 30. Bh3 Nc5 31. Ne3 b5 32. cxb5 Rxb5 33. Bf1 Rbb8 34.
Nc4 Nb7 35. Ke3 Ke6 36. Nb2 Nc5 37. Nc4 Nb7 38. Nb2 Nc5 39. Bc4+ Ke7 40. Nd3
Ne6 41. Bxe6 Kxe6 42. Nb2 a4 43. bxa4 d5 44. exd5+ Rxd5 45. Rxd5 Bxd5 46. Nd3
Ra8 47. a3 Ra5 48. Rc1 Kd6 49. Nb2 Ra8 50. Nc4+ Ke6 51. Nb6 Ra6 52. Rb1 Bc6 53.
Rb4 f5 54. f4 e4 55. Kd4 Be8 56. Nc4 Bxa4 57. Rb6+ Rxb6 58. Nxb6 Bb5 59. a4 Be2
60. Kc5 Ba6 61. Nd5 Kd7 62. a5 Bf1 63. Ne3 Bd3 64. Nd5 Bf1 65. Ne3 Bd3 66. Nd5
Bf1 1/2-1/2

[Event "Gibraltar ChallWk2 9th"]
[Site "Gibraltar"]
[Date "2011.02.02"]
[Round "5.19"]
[White "Zanetti, Bruno"]
[Black "Salomon, Johan"]
[Result "1/2-1/2"]
[WhiteElo "2017"]
[BlackElo "1836"]
[PlyCount "129"]
[EventDate "2011.01.29"]
[EventType "swiss"]
[EventRounds "5"]
[EventCountry "GGB"]
[SourceTitle "BritBase"]
[Source "www.saund.co.uk"]
[SourceDate "2018.02.10"]
[SourceVersion "1"]
[SourceVersionDate "2018.02.10"]
[SourceQuality "1"]

1. d4 Nf6 2. c4 g6 3. Nc3 d5 4. Bg5 Ne4 5. Bh4 c5 6. cxd5 Nxc3 7. bxc3 Qxd5 8.
Nf3 Bg7 9. e3 Nc6 10. Be2 O-O 11. O-O cxd4 12. cxd4 e5 13. dxe5 Qxd1 14. Raxd1
Nxe5 15. Be7 Re8 16. Bd6 Nc6 17. Bc4 Be6 18. Bxe6 Rxe6 19. Ng5 Ree8 20. Rb1 h6
21. Nf3 b6 22. Rbc1 Ne5 23. Rc7 Nxf3+ 24. gxf3 Red8 25. Bb4 a5 26. Bc3 Bxc3 27.
Rxc3 Rd2 28. a4 Ra2 29. Rc4 Rd8 30. f4 Rdd2 31. Kg2 Kg7 32. Kf3 Rab2 33. h4 h5
34. f5 Kf6 35. fxg6 fxg6 36. Kg3 Kg7 37. Rf4 Ra2 38. Rc1 Rac2 39. Rc4 Rxc1 40.
Rxc1 Rb2 41. Rc6 b5 42. axb5 Rxb5 43. e4 a4 44. Ra6 Rb4 45. Kf4 Rb2 46. f3 Rb4
47. Ke5 Rb3 48. f4 Rh3 49. Ra7+ Kh6 50. Ra6 Kg7 51. Rxa4 Rxh4 52. f5 gxf5 53.
Ra7+ Kf8 54. exf5 Rb4 55. Rh7 h4 56. Kf6 Rb6+ 57. Kg5 Ra6 58. Rxh4 Kf7 59. Rh7+
Kf8 60. f6 Ra1 61. Re7 Rg1+ 62. Kf5 Rf1+ 63. Ke6 Re1+ 64. Kd7 Rd1+ 65. Ke6
1/2-1/2

[Event "Gibraltar ChallWk2 9th"]
[Site "Gibraltar"]
[Date "2011.02.02"]
[Round "5.20"]
[White "Livesey, R Nigel"]
[Black "Lada, Ireneusz"]
[Result "1/2-1/2"]
[WhiteElo "1880"]
[BlackElo "2130"]
[PlyCount "67"]
[EventDate "2011.01.29"]
[EventType "swiss"]
[EventRounds "5"]
[EventCountry "GGB"]
[SourceTitle "BritBase"]
[Source "www.saund.co.uk"]
[SourceDate "2018.02.10"]
[SourceVersion "1"]
[SourceVersionDate "2018.02.10"]
[SourceQuality "1"]

1. c4 b6 2. d3 e6 3. Nc3 Bb7 4. Nf3 g6 5. Bg5 f6 6. Bh4 Bg7 7. e3 Ne7 8. Be2
Nf5 9. Bg3 d6 10. d4 Nd7 11. Qb3 O-O 12. O-O c5 13. Nb5 Qe7 14. d5 exd5 15. Nc7
Rac8 16. Nxd5 Bxd5 17. cxd5 Nxg3 18. hxg3 f5 19. Bb5 Nf6 20. Bc6 Ng4 21. Nh2
Ne5 22. Bb5 c4 23. Qd1 Rc5 24. a4 Qb7 25. f4 Nd3 26. b4 Rxb5 27. axb5 Bxa1 28.
Qxa1 Qxd5 29. Qxa7 Qxb5 30. Nf3 h6 31. Nd4 Qe8 32. Qxb6 Qxe3+ 33. Kh2 Qe7 34.
Ra1 1/2-1/2

[Event "Gibraltar ChallWk2 9th"]
[Site "Gibraltar"]
[Date "2011.02.02"]
[Round "5.22"]
[White "Georgieva, Emilia"]
[Black "Marder, Simon"]
[Result "1/2-1/2"]
[WhiteElo "1907"]
[BlackElo "1990"]
[PlyCount "75"]
[EventDate "2011.01.29"]
[EventType "swiss"]
[EventRounds "5"]
[EventCountry "GGB"]
[SourceTitle "BritBase"]
[Source "www.saund.co.uk"]
[SourceDate "2018.02.10"]
[SourceVersion "1"]
[SourceVersionDate "2018.02.10"]
[SourceQuality "1"]

1. d4 d5 2. Nf3 Nc6 3. c3 a6 4. Bf4 Bg4 5. Nbd2 e6 6. h3 Bh5 7. g4 Bg6 8. Ne5
Nxe5 9. dxe5 c5 10. e3 Ne7 11. Bg2 Nc6 12. O-O Qc7 13. c4 d4 14. exd4 cxd4 15.
Re1 Rd8 16. Qa4 Be7 17. b4 O-O 18. Bxc6 bxc6 19. c5 d3 20. a3 h5 21. gxh5 Bxh5
22. Nb3 Qd7 23. Qxa6 Qd5 24. Nd2 Bh4 25. Re4 g5 26. Be3 Bg6 27. Qc4 Bxe4 28.
Qxe4 f5 29. exf6 Rxf6 30. Qxd5 exd5 31. Nb3 Rdf8 32. Rf1 Ra8 33. Ra1 Ra4 34.
Na5 d2 35. Bxd2 Rxf2 36. Bc3 Rf3 37. Bb2 Rxh3 38. Kg2 {The remainder of the
scoresheet is illegible} 1/2-1/2

[Event "Gibraltar ChallWk2 9th"]
[Site "Gibraltar"]
[Date "2011.02.02"]
[Round "5.23"]
[White "Rough, Robert E"]
[Black "Phillips, Owen S"]
[Result "1/2-1/2"]
[WhiteElo "1742"]
[BlackElo "1992"]
[PlyCount "46"]
[EventDate "2011.01.29"]
[EventType "swiss"]
[EventRounds "5"]
[EventCountry "GGB"]
[SourceTitle "BritBase"]
[Source "www.saund.co.uk"]
[SourceDate "2018.02.10"]
[SourceVersion "1"]
[SourceVersionDate "2018.02.10"]
[SourceQuality "1"]

1. e4 e6 2. d3 d5 3. Nd2 c5 4. g3 g6 5. Bg2 Bg7 6. Ngf3 Ne7 7. O-O Nbc6 8. Re1
a5 9. c3 Qc7 10. Qe2 h6 11. e5 b6 12. d4 Ba6 13. Qd1 g5 14. dxc5 bxc5 15. Qa4
Rb8 16. Nb3 Bb5 17. Qg4 Nxe5 18. Nxe5 Bxe5 19. Nxc5 Bxc3 20. Nxe6 fxe6 21. Rxe6
Bb4 22. Qh5+ Kd8 23. Bxg5 hxg5 1/2-1/2

[Event "Gibraltar ChallWk2 9th"]
[Site "Gibraltar"]
[Date "2011.02.02"]
[Round "5.24"]
[White "Helin, Mikael"]
[Black "Gravett, Alan D"]
[Result "0-1"]
[WhiteElo "1914"]
[BlackElo "1869"]
[PlyCount "58"]
[EventDate "2011.01.29"]
[EventType "swiss"]
[EventRounds "5"]
[EventCountry "GGB"]
[SourceTitle "BritBase"]
[Source "www.saund.co.uk"]
[SourceDate "2018.02.10"]
[SourceVersion "1"]
[SourceVersionDate "2018.02.10"]
[SourceQuality "1"]

1. e4 c5 2. Nc3 Nc6 3. g3 g6 4. Bg2 Bg7 5. Nge2 e5 6. O-O Nge7 7. f4 d6 8. f5
gxf5 9. exf5 Bxf5 10. d3 Be6 11. Ne4 h6 12. Nf6+ Bxf6 13. Rxf6 Nf5 14. Rxe6+
fxe6 15. Nc3 Qe7 16. a3 d5 17. b4 cxb4 18. axb4 h5 19. Ba3 Ncd4 20. Qd2 Qc7 21.
Rc1 Qxc3 22. Qxc3 Ne2+ 23. Kh1 Nxc3 24. Bb2 Rc8 25. Re1 O-O 26. Rxe5 Nd1 27.
Bc1 Rxc2 28. Bf4 Nde3 29. Rxf5 Rc1+ 0-1

[Event "Gibraltar ChallWk2 9th"]
[Site "Gibraltar"]
[Date "2011.02.02"]
[Round "5.26"]
[White "Hegvik, Leif Trygve"]
[Black "Jorgensen, Line Jin"]
[Result "0-1"]
[WhiteElo "1814"]
[BlackElo "1892"]
[PlyCount "50"]
[EventDate "2011.01.29"]
[EventType "swiss"]
[EventRounds "5"]
[EventCountry "GGB"]
[SourceTitle "BritBase"]
[Source "www.saund.co.uk"]
[SourceDate "2018.02.10"]
[SourceVersion "1"]
[SourceVersionDate "2018.02.10"]
[SourceQuality "1"]

1. e4 c5 2. Nf3 d6 3. d4 cxd4 4. Nxd4 Nf6 5. Nc3 g6 6. Be3 Bg7 7. f3 O-O 8. g4
Qb6 9. Qd2 Qxb2 10. Rb1 Qa3 11. Bc4 Qa5 12. h4 h5 13. gxh5 Qxh5 14. Qg2 Nc6 15.
Nde2 Ne5 16. Bd5 Qxf3 17. Qxf3 Nxf3+ 18. Kf2 Ne5 19. Bd4 Nc6 20. Bxf6 Bxf6 21.
h5 g5 22. Ke3 e6 23. Bb3 a6 24. Rbg1 Kh7 25. Rf1 Be7 0-1

[Event "Gibraltar ChallWk2 9th"]
[Site "Gibraltar"]
[Date "2011.02.02"]
[Round "5.27"]
[White "Brookfield, Toby"]
[Black "Annetts, Ivor S"]
[Result "1-0"]
[WhiteElo "1793"]
[BlackElo "1890"]
[PlyCount "77"]
[EventDate "2011.01.29"]
[EventType "swiss"]
[EventRounds "5"]
[EventCountry "GGB"]
[SourceTitle "BritBase"]
[Source "www.saund.co.uk"]
[SourceDate "2018.02.10"]
[SourceVersion "1"]
[SourceVersionDate "2018.02.10"]
[SourceQuality "1"]

1. e4 c5 2. Nf3 Nc6 3. d4 cxd4 4. Nxd4 Nf6 5. Nc3 e5 6. Ndb5 d6 7. Bg5 a6 8.
Na3 b5 9. Nd5 Be7 10. Bxf6 Bxf6 11. c4 b4 12. Nc2 a5 13. Qf3 Be6 14. Nxf6+ gxf6
15. O-O-O Qe7 16. Be2 a4 17. Qe3 Rb8 18. Qd3 b3 19. axb3 axb3 20. Qxd6 Qxd6 21.
Rxd6 Rc8 22. Ne3 Nd4 23. Bd3 O-O 24. Kd2 Ra8 25. Nf5 Bxf5 26. exf5 Kg7 27. Re1
Rfd8 28. Rxd8 Rxd8 29. Kc3 Rb8 30. Ra1 Rb7 31. c5 Rc7 32. Kc4 Kh6 33. Ra6 Kg5
34. Rb6 h5 35. Kd5 Rd7+ 36. Rd6 Rc7 37. c6 Nc2 38. Kc5 h4 39. Kb6 1-0

[Event "Gibraltar ChallWk2 9th"]
[Site "Gibraltar"]
[Date "2011.02.02"]
[Round "5.31"]
[White "Savage, Neil"]
[Black "Mathon, Dimitrij"]
[Result "1/2-1/2"]
[WhiteElo "1682"]
[BlackElo "1727"]
[PlyCount "64"]
[EventDate "2011.01.29"]
[EventType "swiss"]
[EventRounds "5"]
[EventCountry "GGB"]
[SourceTitle "BritBase"]
[Source "www.saund.co.uk"]
[SourceDate "2018.02.10"]
[SourceVersion "1"]
[SourceVersionDate "2018.02.10"]
[SourceQuality "1"]

1. e4 g6 2. d4 Bg7 3. Nc3 d6 4. Be2 Nf6 5. h4 h5 6. Nf3 c6 7. a4 a5 8. Ng5 Bd7
9. f3 Qc8 10. e5 Nh7 11. Nxh7 Rxh7 12. exd6 exd6 13. O-O d5 14. Bf4 Bf6 15. g3
Kf8 16. Qd2 Qd8 17. Rae1 Bh3 18. Rf2 Qb6 19. Bd6+ Kg7 20. Bc5 Qc7 21. Bd1 Nd7
22. Ne2 Nxc5 23. dxc5 Rhh8 24. c3 Rhe8 25. f4 Bg4 26. Nd4 Rxe1+ 27. Qxe1 Bxd1
28. Qxd1 Re8 29. Re2 Rxe2 30. Qxe2 Be7 31. Nb3 b6 32. Qe3 Bxc5 1/2-1/2